000 00754nam a22002657a 4500
005 20170124110212.0
010 _aA-226958
020 _c30.00
_a0706918320
035 _aA-226958
037 _bCen Lib/Ret
040 _aDPL
_bEN
082 _a025.32
_bGIR
100 _aGirja Kumar
_91102
245 _aTheory of cataloguing /
_cby Girja Kumar [and] Krishan Kumar
246 _b
250 _a4th ed
260 _bVikas Publishing House
_c1982
_aNew Delhi
270 _a576 masjid Road, Jangpura
_bNew Delhi
_e110014
300 _a366p.
_c21cm(Hb)
500 _aIncludes index
650 _aCataloging
_9105315
650 _aLibrary science
_9105316
700 _aKrishan Kumar
_9105317
942 _2ddc
_cEN
_h025.32
_mGIR
999 _c133589
_d133589